Datum a čas kvízu
28
Celkem bodů
Celkový počet nahraných bodů na tomto kvízu bez doplňovacích otázek.
7.
Pořadí na kvízu
Konečné umístění týmu na tomto kvízu.
Zaznamenané odpovědi
| # | Otázka | Odpověď | Body | Výsledky |
|---|---|---|---|---|
| 1. | Žena, která nastoupila loni v... | Jana Vohralíková, Petr Kolář | 1 | |
| 2. | Tento ruský opoziční politik v... | Boris Naděždin | 0 | |
| 3. | Minulý týden v sobotu se konal... | Ples jako Brno | 0 | |
| 4. | Které město jako první v České... | Brno | 0 | |
| 5. | Slavná Barcelona obdržela v so... | Villarreal | 1 | |
| 6. | Nejvíce dvojčat na světě se ro... | Nigérie | 0 | |
| 7. | Dvojčata si mohou v dětském vě... | kryptofázie | 0 | |
| 8. | Jako dvojčata byly označovány... | Ground Zero | 1 | |
| 9. | Jak se jmenuje herec, jehož dv... | Kiefer Sutherland | 0 | |
| 10. | Na závěr tématu se podíváme na... | paterčata | 1 |